Les footballeurs français au Barça - Statistiques

Statistiques générales
  • Ce quiz a été pris 1 427 fois
  • Le résultat moyen est 9 sur 21
Statistiques - réponses
Dates + Nombres de matchs et de buts Nom du footballeur % Correct
2017-2023 - 185 matchs - 40 buts Ousmane Dembélé
91%
Depuis 2022 - 70 matchs - 3 buts Jules Koundé
88%
2019-2021 - 102 matchs - 35 buts Antoine Griezmann
87%
2007-2010 - 121 matchs - 49 buts Thierry Henry
80%
2016-2022 - 133 matchs - 2 buts Samuel Umtiti
77%
2014-2017 - 91 matchs - 4 buts Jérémy Mathieu
65%
2018-2022 - 160 matchs - 7 buts Clément Lenglet
64%
2007-2013 - 193 matchs - 2 buts Éric Abidal
59%
2016-2018 - 46 matchs - 2 buts Lucas Digne
48%
2004-2007 - 124 matchs - 26 buts Ludovic Giuly
38%
2006-2008 - 58 matchs - 0 but Lilian Thuram
35%
2000-2001 - 38 matchs - 1 but Emmanuel Petit
34%
1996-1997 - 38 matchs - 1 but Laurent Blanc
32%
2019-2021 - 5 matchs - 0 buts Jean-Clair Todibo
31%
1997-1998 - 13 matchs - 0 but Christophe Dugarry
25%
1999-2000 - 23 matchs - 1 but Frédéric Déhu
8%
2001-2003 - 47 matchs - 0 but Philippe Christanval
7%
2000-2002 - 22 matchs - 0 but Richard Dutruel
7%
1965-1968 - 88 matchs - 4 buts Lucien Muller
4%
1903 - 3 matchs - 0 but René Fenouillère
2%
1913-1914 - ? matchs - ? buts Maurice Bigué
2%
Aucun quiz correspondant
Distribution des résultats
% des personnes avec chaque résultat
Percentile par nombre de réponses
Votre historique - résultats
Vous n’avez pas pris ce quiz